The Golden Pan-Flute (Registo nº 202315)

Detalhes MARC
000 -Etiqueta do registo
Valores 00688nam 22001813 4500
016 ## - Número internacional ISRC
Modalidade de aquisição e/ou preço compra
100 ## - Dados gerais de processamento
Dados gerais 20260525d u||y0pory50 ba
200 ## - Titulo e menção de responsabilidade
Título próprio The Golden Pan-Flute
210 ## - Publicação
Nome do editor Point productions
Data de publicação 1988
215 ## - Descrição física 
Outras indicações físicas CD áudio, (60: 00 min)
300 ## - Notas gerais
Texto da nota A flauta de pã ou flauta de pan é um instrumento musical (remonta à antiguidade) e o nome genérico dado a instrumentos musicais de sopro constituídos por um conjunto de tubos fechados numa extremidade, ligados uns aos outros em feixe ou lado a lado.
606 ## - Nome comum usado como assunto
ID Autoridade 1103
Palavra de ordem Música
610 ## - Termos não controlados
Palavra de ordem flauta--musica clássica
675 ## - CDU
Notação 78
Edição NL
Língua dut
801 ## - Fonte de origem
País PT
Agência BMMN
Regras de catalogação RPC
990 ## - Elementos KOHA
Tipo de documento CD Música
Exemplares
Aquisição Código de barras Cota Permissão de empréstimo Tipo de documento Empréstimo Forma de aquisição
Biblioteca Municipal de Montemor-o-Novo 31795 78 FLU(est)|DEP   CD Música Biblioteca Municipal de Montemor-o-Novo Compra

Powered by Koha